| 000 | 00803cam a2200289 i 4500 | ||
|---|---|---|---|
| 001 | 160568 | ||
| 003 | TR-AnTOB | ||
| 005 | 20240515111950.0 | ||
| 007 | ta | ||
| 008 | 161110s2003 tu 000 0 tur d | ||
| 040 |
_aTR-AnTOB _beng _erda _cTR-AnTOB |
||
| 041 | 0 | _atur | |
| 050 | _aHC493.T87 | ||
| 090 | _aHC493.T87 | ||
| 110 | 2 |
_aTurgutlu Ticaret ve Sanayi Odası _967296 |
|
| 245 | 1 | 0 | _aİktisadi durum raporu/2002. |
| 264 | 1 |
_aManisa : _bTurgutlu Ticaret ve Sanayi Odası, _c2003. |
|
| 300 |
_apages ; _ccm |
||
| 336 |
_atext _btxt _2rdacontent |
||
| 337 |
_aunmediated _bn _2rdamedia |
||
| 338 |
_avolume _bnc _2rdacarrier |
||
| 490 | 0 |
_aTUTSO ; _vyayın no:138 |
|
| 653 | 0 | _aTurgutlu (Manisa İli, Türkiye)--Ekonomik durum | |
| 902 | _aT000920(022695) | ||
| 942 |
_2lcc _cBK |
||
| 999 |
_c160568 _d26781 |
||